书目信息 |
| 题名: |
塔里木盆地西部层序地层与沉积\成岩演化
|
|
| 作者: | 史基安 著 | |
| 分册: | ||
| 出版信息: | 北京 科学出版社 2001.20 |
|
| 页数: | ||
| 开本: | 16开 | |
| 丛书名: | ||
| 单 册: | ||
| 中图分类: | P535.245 | |
| 科图分类: | ||
| 主题词: | 地史学 , 地层学 , 地质学史 | |
| 电子资源: | ||
| ISBN: | 7-03-008600-7 | |
| 000 | 00622nam0 2200205 450 | |
| 001 | 0736196517 | |
| 005 | 20070924100316.51 | |
| 010 | @a7-03-008600-7@d¥42.00 | |
| 100 | @a20070924d km y0chiy0120 ea | |
| 101 | 0 | @achi |
| 200 | 1 | @a塔里木盆地西部层序地层与沉积\成岩演化@Ata li mu pen di xi bu ceng xu di ceng yu chen ji\cheng yan yan hua@f史基安 等著@Fshi ji an deng zhu |
| 210 | @a北京@c科学出版社@d2001.20 | |
| 215 | @d16开 | |
| 606 | 0 | @a地史学 |
| 606 | 0 | @a地层学 |
| 606 | 0 | @a地质学史 |
| 690 | @aP535.245@v3 | |
| 701 | 0 | @a史基安@Ashi ji an@4著 |
| 801 | 0 | @aCN@bPFT@c20070924 |
| 905 | @a213230@dP535.245@eZY08@f1 | |
| 塔里木盆地西部层序地层与沉积\成岩演化/史基安 等著.-北京:科学出版社,2001.20 |
| 16开 |
| ISBN 7-03-008600-7:¥42.00 |
| ● |
| 相关链接 |
|
|
|
|
正题名:塔里木盆地西部层序地层与沉积\成岩演化
索取号:P535.245/ZY08
 
预约/预借
| 序号 | 登录号 | 条形码 | 馆藏地/架位号 | 状态 | 备注 |
| 1 | 7901578 | 279015780 | 密集书库-资源管理系/ [索取号:P535.245/ZY08] | 在馆 |